The value and meaning of life / (Record no. 9433)

MARC details
000 -LEADER
fixed length control field 00607 a2200217 4500
008 - FIXED-LENGTH DATA ELEMENTS--GENERAL INFORMATION
fixed length control field 230601b |||||||| |||| 00| 0 eng d
020 ## - INTERNATIONAL STANDARD BOOK NUMBER
ISBN 9781138908789
040 ## - CATALOGING SOURCE
Original cataloging agency NLN
Language of cataloging English
Description conventions AACR2
100 ## - MAIN ENTRY--AUTHOR
Author BELSHAW, Christopher
Relator term aut
245 ## - TITLE STATEMENT
Title The value and meaning of life /
Statement of responsibility, etc Christopher Belshaw
260 ## - PUBLICATION, DISTRIBUTION, ETC. (IMPRINT)
Place of publication New York :
Name of publisher Routledge;
Date of publication 2021
300 ## - COLLATION
Pagination [iv], 257p. ;
Other physical details 24cm.
500 ## - GENERAL NOTE
General note Includes bibliographical references
563 ## - BINDING INFORMATION
Binding note (pbk)
650 ## - TRACINGS
Main Subject Life
650 ## - TRACINGS
Main Subject Immortality
650 ## - TRACINGS
Main Subject Values
942 ## - ADDED ENTRY ELEMENTS (KOHA)
Item type Books
050 ## - LIBRARY OF CONGRESS CALL NUMBER
Classification number BD431
Item number .B452
082 ## - DEWEY DECIMAL CLASSIFICATION NUMBER
Classification number 128
Holdings
Withdrawn status Lost status Source of classification or shelving scheme Damaged status Not for loan Home library Current library Date acquired Accession No. Total Checkouts Full call number Barcode. Date last seen Price effective from Koha item type
    Library of Congress Classification     ABAKALIKI BRANCH National Library of Nigeria 01/06/2023 5523644   BD431 .B452 5523644 01/06/2023 01/06/2023 Books
    Library of Congress Classification     ASABA BRANCH LIBRARY National Library of Nigeria 01/06/2023 5523651   BD431 .B452 5523651 01/06/2023 01/06/2023 Books
    Library of Congress Classification     AWKA BRANCH National Library of Nigeria 01/06/2023 5523642   BD431 .B452 5523642 01/06/2023 01/06/2023 Books
    Library of Congress Classification     EKITI BRANCH LIBRARY National Library of Nigeria 01/06/2023 5523645   BD431 .B452 5523645 01/06/2023 01/06/2023 Books
    Library of Congress Classification     GUSAU BRANCH National Library of Nigeria 01/06/2023 5523647   BD431 .B452 5523647 01/06/2023 01/06/2023 Books
    Library of Congress Classification     UYO BRANCH National Library of Nigeria 01/06/2023 5523648   BD431 .B452 5523648 01/06/2023 01/06/2023 Books
    Library of Congress Classification     KEBBI BRANCH National Library of Nigeria 01/06/2023 5523646   BD431 .B452 5523646 01/06/2023 01/06/2023 Books
    Library of Congress Classification     LOKOJA BRANCH National Library of Nigeria 01/06/2023 5523649   BD431 .B452 5523649 01/06/2023 01/06/2023 Books
    Library of Congress Classification     PORT HARCOURT BRANCH National Library of Nigeria 01/06/2023 5523650   BD431 .B452 5523650 01/06/2023 01/06/2023 Books
    Library of Congress Classification     YENAGOA BRANCH National Library of Nigeria 01/06/2023 5523643   BD431 .B452 5523643 01/06/2023 01/06/2023 Books

National Library of Nigeria OPAC is powered by Koha